Statistics for Ten Capital Cities Longitudinally and Latitudinally Closest to Mysterious City, and Guess That City #1

Click here to take the quiz!

General Stats

  • This quiz has been taken 221 times
  • The average score is 13 of 21

Answer Stats

HintRankAnswer% Correct
Longitudinally10thBeijing
95%
Latitudinally3rdTokyo
95%
Longitudinally2ndTokyo
95%
Longitudinally3rdSeoul
91%
Longitudinally9thManila
90%
Longitudinally4thPyongyang
83%
Longitudinally8thTaipei
79%
Longitudinally7thCanberra
76%
Latitudinally4thTehran
63%
Latitudinally10thBaghdad
61%
Longitudinally6thPort Moresby
56%
Latitudinally9thDamascus
53%
Latitudinally8thIslamabad
52%
Longitudinally5thDili
51%
Latitudinally2ndKabul
51%
Latitudinally7thBeirut
48%
Latitudinally1stNicosia
44%
Latitudinally6thRabat
39%
Latitudinally5thValletta
35%
Longitudinally1stNgerulmud
30%
Where is that city?Kyoto, Japan
25%

Score Distribution

Percentile by Number Answered

Percent of People with Each Score

Your Score History

You have not taken this quiz